Estadísticas para Países con portaaviones

Haz click aquí para tomar la prueba!

Estadísticas generales

  • Esta prueba ha sido tomada 2.964 veces
    (1.160 desde el último reinicio)
  • La puntuación promedio es 9 de 11

Estadísticas de respuestas

#País% Correcto
11Estados Unidos
100%
2China
98%
1Francia
95%
1Rusia
95%
2Japón
93%
2Reino Unido
93%
1España
91%
2India
86%
2Italia
84%
1Turquía
53%
1Tailandia
33%

Distribución de puntuación

Porcentaje por número respondido

Porcentaje de gente con cada puntuación

Historial de tus puntuaciones

No has tomado esta prueba desde el último reinicio